1555 1801 1006 1867 1041 1768 1561 1187 1938 1429 1766 1710 1145 1502 1421 1612 1583 1847 1852 1533 1779 1905 1800 1688 1500 1094 1390 1363 1914 1500 1874 1312 1524 1044 1872 1269 1878 1990 1265 1415 1794 1031 1313 1718 1259 1562 1329 1588 1032 1228 1210 1554 1671 1766 1220 1701 1689 1198 1127 1228 1133 1519 1664 1316 1740 1600 1042 1037 1698 1648 1983 1933 1080 1673 1046 1594 1692 1643 1219 1052 1504 1908 1807 1258 1747 1423 1254 1401 1487 1542 1976 1714 1247 1023 1316 1425 1728 1366 1278 BCNSPRNW ULIB Ver.6.0+V

เปลี่ยนเป็นภาษาไทย

Change to English
 แสดงรายละเอียดบรรณานุกรม
  กลับหน้าหลัก

Brief Record : Get Marc (ISO 2709) : E-mail record : QR code < ปิดหน้าต่าง
LEADER : 00000nam 2200000uu 4500
001    13399112588
003     ULIB
008    110314s2010||||th 000 0 eng d
020    1605472539
060 04 QZ4^bB981P 2010
100 0  Buss, Jaime Stockslaget
245 10 Pathophysiology an incrediably easy pochet guide/^cBuss, Jaime Stockslaget
250    2nd
260    Philadelphia :^bLippincott Williams&Wilkins,^c2010
300    408 p
650  7 Cardiovasular disorders
650  7 Pathology^xnurses instruction
945    ^p960^l0^i029068
945    ^p960^l0^i029069
995    ทศพร
999 ^a ใช้งานได้ทุกระบบ
รายการนี้ยังไม่มีแท็ก
คุณยังไม่ได้ล็อกอิน คุณสามารถมีกิจกรรมร่วมกับเว็บไซต์ได้ แต่ต้องล็อกอินก่อน ::
  ล็อกอิน

รายการสื่อสารสนเทศ

ลำดับที่ ประเภท เลขเรียก/บาร์โค้ด สถานที่ สถานะ
- ไม่พบข้อมูล -

รายการใกล้เคียง
    ผู้แต่ง [Buss, Jaime Stockslaget]

    หัวเรื่อง [Cardiovasular disorders]

BibComment


ยังไม่เคยถูกคอมเมนท์

คอมเมนท์ทรัพยากรรายการนี้
  คอมเมนท์: Pathophysiology a..


 Copyright 2026. Bcnsprnw @Library